000 00316 a2200109 4500
001 ART_41711
005 20260410161805.0
008 260409a
245 1 0 _aEl aporte y la quiebra
100 1 _aArduino, Augusto H.L.
773 0 _tDoctrina Societaria y Concursal
_g- NÂș 313 (dic. 2013)
_wREV4298
999 _c20952
_d20952